000 01446cam a22003614a 4500
001 13106337
003 OSt
005 20231121144826.0
008 030227s2003 enka b 001 0 eng
010 _a 2003043959
020 _a0521819822 (hbk.)
020 _a052152587X (pbk.)
020 _a9780521670500
040 _aDLC
_cDLC
_dDLC
042 _apcc
050 0 0 _aQP624.5.D726
_bS74 2003
082 0 0 _a572.8636
_bSTE/M
100 1 _aStekel, Dov,
_d1971-
245 1 0 _aMicroarray bioinformatics /
_cDov Stekel.
260 _aCambridge ;
_aNew York :
_bCambridge University Press,
_c2003.
300 _axiv, 263 p., [8] p. of plates :
_bill. (some col.) ;
_c26 cm.
504 _aIncludes bibliographical references and index.
650 0 _aDNA microarrays
_xMathematics.
650 0 _aDNA microarrays
_xData processing.
650 0 _aDNA microarrays
_xStatistical methods.
650 0 _aBioinformatics.
856 4 1 _3Sample text
_uhttp://www.loc.gov/catdir/samples/cam041/2003043959.html
856 4 2 _3Publisher description
_uhttp://www.loc.gov/catdir/description/cam032/2003043959.html
856 4 1 _3Table of contents
_uhttp://www.loc.gov/catdir/toc/cam031/2003043959.html
906 _a7
_bcbc
_corignew
_d1
_eocip
_f20
_gy-gencatlg
942 _2ddc
_cBK
_h572.8636
_iSTE/M
_k572.8636
_mSTE/M
999 _c43665
_d43665